000 00958nam a2200229 a 4500
008 210309s1999 ||||||||||||||||| || u
020 _a9780314140777
050 _aKB 21 Arb
100 _aO'Brien, Edward L
245 1 0 _aStreet law: A course in practical law (6th edition)
_cBy Lee P. Arbetman; Edward L. O'Brien
250 _a6th edition
260 _aNew York
_bWest Educational Publishing
_c1999
300 _axxx, 680 pages: illustrations
350 _a59.00
650 0 _aLIFE SKILLS
650 _aLAW
650 _aCONSUMER EDUCATION
650 _aLAW--UNITED STATES--POPULAR WORKS
700 _aArbetman, Lee P
995 _aMAIN LIBRARY OPEN ACCESS
_e750938
_FCBU-MAIN LIBRARY (Kitwe)
_I59.00
_jKB 21 Arb
_M1
_UAVAILABLE
_WMar 31, 2021
_y750938
_ZMain Library Open Access Collection
995 _aMAIN LIBRARY OPEN ACCESS
_e750939
_FCBU-MAIN LIBRARY (Kitwe)
_I59.00
_jKB 21 Arb
_M2
_UAVAILABLE
_WMar 31, 2021
_y750939
_ZMain Library Open Access Collection
999 _c76884
_d76884